| 000 | 00783nab a2200241 u 4500 | ||
|---|---|---|---|
| 001 | 19484 | ||
| 003 | HDC | ||
| 007 | cr bn ---aaaaa | ||
| 008 | 210301c |r|noo 0 a d | ||
| 040 | _aHDC | ||
| 245 | 0 | _aDUBAI MUNICIPALITY FOOD INSPECTION TO BECOME SMART | |
| 260 |
_a[No place] : _b[publisher not identified], _c2016 |
||
| 336 |
_atext _2rdacontent |
||
| 337 |
_acomputer _2rdamedia |
||
| 338 |
_aonline resource _2rdacarrier |
||
| 650 |
_aHalal certificate _9482 |
||
| 650 |
_aHalal product _948 |
||
| 710 | _aARAB HERALD | ||
| 856 | _zRequest full-text at [email protected] | ||
| 942 | _2lcc | ||
| 942 | _cNEWS | ||
| 942 | _kNWSO 009721 | ||
| 999 |
_c16800 _d16800 |
||